00660nam a22001817a 450000500170000001000150001702000260003203500140005803700130007208200160008510000190010124501050012026000450022527000660027030000390033650000770037570000260045220181231125723.0 aENG-124614 a9780198097259c550.00 aEN-108146 bDBAD/PUB a599.7560954 aThapar, Valmik aMy life with tigers:cby Valmik Thapar; photographs by Fateh Singh Rathorebranthambhore and beyond/ aNew DelhibOxford University Pressc2014 bNew Delhie110002a2/11 Ground Floor, Ansari Road, Daryaganj, axiv,192p.c21cm.(pbk)bill.picture aIt includes afterword and innovative tourism essential for saving tigers a Rathore, Fateh Singh